Surdez e inclusao social : o que as brancadeiras infantis tem a nos dizzer sobre esse debate? /

O presente artigo analisa questões pertinentes ao modo de funcionamento lúdico de crianças surdas, na fase inicial de aquisição da língua de sinais, tendo como pressuposto teórico as formulações da corrente histórico-cultural e as contribuições conceituais de M. Bakhtin. A atenção volta-se, especial...

Descripción completa

Detalles Bibliográficos
Autor principal: Henrique Silva, Daniele Nunes
Formato: Libro
Lenguaje:portugués
Acceso en línea:Acceso electrónico al documento

MARC

LEADER 00000cam a2200000 a 4500
001 026744
003 UAHC_CL
005 20170803122715.0
008 070830s2006 bl 000 por
040 |a UAHC_CL  |c UAHC_CL  |d UAHC_CL 
100 1 |a Henrique Silva, Daniele Nunes 
245 1 0 |a Surdez e inclusao social :  |b o que as brancadeiras infantis tem a nos dizzer sobre esse debate? /  |c Daniele Nunes Henrique Silva. 
500 |a En: Cadernos CEDES, vol.26, no.69, 2006. pp. 121-139.ISSN 0718-090X.\Modo de acceso: Internet --(Página web visitada el 30 de agosto de 2007) 
520 |a O presente artigo analisa questões pertinentes ao modo de funcionamento lúdico de crianças surdas, na fase inicial de aquisição da língua de sinais, tendo como pressuposto teórico as formulações da corrente histórico-cultural e as contribuições conceituais de M. Bakhtin. A atenção volta-se, especialmente, para os modos de configuração dos personagens (jogo de papéis), evidenciando a forma como os elementos do universo ouvinte são incorporados nas\brincadeiras. Num desdobramento, a partir do exame de material videogravado (episódios de faz-de-conta), busca-se refletir criticamente sobre as concepções de inclusão social que tangenciam a experiência do surdo, alertando para o fato de que a criança já demonstra em suas brincadeiras o desejo e a necessidade de pertencimento à sociedade\ouvinte majoritária. 
856 |u http://www.scielo.br/pdf/ccedes/v26n69/a02v2669.pdf  |3 Acceso electrónico al documento  |y Acceso electrónico al documento 
900 |a CADERNOS CEDES-69/06 
942 |c BK 
999 |c 26744  |d 26744